000 00887nam a22002295i 4500
001 152811
003 ES-MaACL
005 20250815062641.0
008 981002s1900 sp |||| | spa d
040 _aGA
_bspa
_cCCPB | 3D
100 1 _aBryce, James,
_d1838-1922
_932253
245 1 4 _aLos partidos políticos en los Estados Unidos /
_cpor Jaime Bryce ; traducción por Francisco Lombardía.
260 _aMadrid :
_bLa España Moderna,
_c[s.a.] (
_fImp. y encuad. de V. Tordesillas)
300 _a362 p. ;
_c23 cm.
490 1 _aBiblioteca de jurisprudencia, filosofía e historia
596 _aPalau lo supone impreso ca. 1900 (t. II, p. 442)
700 0 _aLombardía, Francisco.
_973190
830 0 0 _aBiblioteca de jurisprudencia, filosofía e historia
_9180691
852 _aES-MaACL
_jF-14786
_z-- Rúst.
852 _aES-MaACL
_jF-8056
_z-- Rúst.
999 _c152811
_d152811